[Event "Chigorin Memorial 18th"]
[Site "St Petersburg"]
[Date "2010.11.04"]
[Round "8"]
[White "Utkin, Vladimir"]
[Black "Korchmar, Vasiliy"]
[Result "0-1"]
[WhiteElo "2042"]
[BlackElo "2214"]
[PlyCount "92"]
[EventDate "2010.10.28"]
[EventType "swiss"]
[EventRounds "9"]
[EventCountry "RUS"]
[SourceTitle "EXT 2011"]
[Source "ChessBase"]
[SourceDate "2010.11.26"]
[SourceVersion "1"]
[SourceVersionDate "2010.11.26"]
[SourceQuality "1"]

1. Nf3 f5 2. e4 fxe4 3. Ng5 Nf6 4. d3 h6 5. Nh3 d5 6. dxe4 Bxh3 7. gxh3 dxe4 8. Qxd8+ Kxd8 9. Bf4 Nbd7 10. Bg2 e5 11. Be3 Bc5 12. Bxc5 Nxc5 13. Nc3 Ke7 14. 0-0-0 Rad8 15. b4 Ne6 16. Nxe4 Nf4 17. Nxf6 gxf6 18. Bxb7 Nxh3 19. Rxd8 Rxd8 20. Rf1 Rb8 21. Bg2 Nf4 22. Bf3 Rxb4 23. Rg1 Ne6 24. Rg4 Rxg4 25. Bxg4 Kd6 26. Kd2 Ng7 27. Bc8 Kc5 28. Kc3 Ne8 29. Be6 e4 30. Bg8 Nd6 31. Be6 Nb5+ 32. Kd2 Kd4 33. Bd7 Nc3 34. a4 a5 35. Bc6 f5 36. Bd7 f4 37. Be8 e3+ 38. fxe3+ fxe3+ 39. Ke1 Kc5 40. Bd7 Kb4 41. Be8 Ka3 42. Bd7 Kb2 43. Bf5 c5 44. Bg6 Nxa4 45. Ke2 Nb6 46. Kxe3 a4 0-1

[Event "Chigorin Memorial 18th"]
[Site "St Petersburg"]
[Date "2010.11.02"]
[Round "6"]
[White "Utkin, Vladimir"]
[Black "Mirzoeva, Elmira"]
[Result "0-1"]
[WhiteElo "2042"]
[BlackElo "2239"]
[PlyCount "52"]
[EventDate "2010.10.28"]
[EventType "swiss"]
[EventRounds "9"]
[EventCountry "RUS"]
[SourceTitle "EXT 2011"]
[Source "ChessBase"]
[SourceDate "2010.11.26"]
[SourceVersion "1"]
[SourceVersionDate "2010.11.26"]
[SourceQuality "1"]

1. Nf3 Nf6 2. d4 g6 3. g3 Bg7 4. Bg2 0-0 5. 0-0 d6 6. b3 e5 7. dxe5 dxe5 8. Nxe5 Ng4 9. Nxg4 Bxa1 10. Nh6+ Kg7 11. c3 Qxd1 12. Rxd1 Nc6 13. h3 f5 14. Bg5 Be6 15. f4 a5 16. Bd5 Rad8 17. c4 Bf6 18. e4 Bxg5 19. fxg5 fxe4 20. Nc3 Bxd5 21. cxd5 Ne5 22. Nxe4 Rde8 23. Nc5 Nf3+ 24. Kh1 Nxg5 25. h4 Ne4 26. Nxe4 Rxe4 0-1

[Event "St Petersburg White Nights op"]
[Site "St Petersburg"]
[Date "2010.06.22"]
[Round "7"]
[White "Utkin, Vladimir"]
[Black "Kiseleva, Arina"]
[Result "1-0"]
[WhiteElo "2043"]
[BlackElo "1817"]
[PlyCount "101"]
[EventDate "2010.06.16"]
[EventType "swiss"]
[EventRounds "9"]
[EventCountry "RUS"]
[SourceTitle "EXT 2011"]
[Source "ChessBase"]
[SourceDate "2010.11.26"]
[SourceVersion "1"]
[SourceVersionDate "2010.11.26"]
[SourceQuality "1"]

1. Nf3 Nf6 2. c4 e6 3. g3 d5 4. Bg2 Be7 5. 0-0 0-0 6. d4 Nbd7 7. Nbd2 b6 8. cxd5 exd5 9. Ne5 Bb7 10. Ndf3 c5 11. Bf4 Ne4 12. Rc1 Nxe5 13. Nxe5 f6 14. Nf3 Bd6 15. Bxd6 Qxd6 16. dxc5 bxc5 17. Nd2 Nxd2 18. Qxd2 Rfd8 19. Rfd1 Qb6 20. Rc3 c4 21. e3 Rac8 22. Qc1 Qa5 23. Rd4 Kh8 24. a3 Qb6 25. Qd2 Qb5 26. e4 Rc5 27. exd5 a5 28. d6 Bxg2 29. Kxg2 Qc6+ 30. Kg1 Rd7 31. Re3 Re5 32. Rxe5 fxe5 33. Rd5 h6 34. Qxa5 Rxd6 35. Rxd6 Qxd6 36. Qa8+ Kh7 37. Qe4+ g6 38. Qxc4 Qd1+ 39. Kg2 Qb1 40. Qc7+ Kg8 41. Qxe5 Qc2 42. h3 Qc6+ 43. Kh2 Qc2 44. Qd4 h5 45. h4 Kh7 46. b4 Qb3 47. Qa7+ Kg8 48. Qe3 Qa4 49. Qd3 Kh7 50. b5 Qa7 51. Qe3 1-0

[Event "St Petersburg White Nights op"]
[Site "St Petersburg"]
[Date "2010.06.17"]
[Round "2"]
[White "Alekseenko, Kirill"]
[Black "Utkin, Vladimir"]
[Result "1/2-1/2"]
[WhiteElo "2232"]
[BlackElo "2043"]
[PlyCount "120"]
[EventDate "2010.06.16"]
[EventType "swiss"]
[EventRounds "9"]
[EventCountry "RUS"]
[SourceTitle "EXT 2011"]
[Source "ChessBase"]
[SourceDate "2010.11.26"]
[SourceVersion "1"]
[SourceVersionDate "2010.11.26"]
[SourceQuality "1"]

1. e4 e5 2. Nf3 Nf6 3. Nxe5 d6 4. Nf3 Nxe4 5. d4 d5 6. Bd3 Nc6 7. 0-0 Be7 8. c4 Nb4 9. Be2 0-0 10. a3 Nc6 11. cxd5 Qxd5 12. Nc3 Nxc3 13. bxc3 Bf5 14. Re1 Bf6 15. Bd3 Rfe8 16. Bf4 Rxe1+ 17. Nxe1 Ne7 18. Rb1 c5 19. Rb5 b6 20. Be3 Bd7 21. c4 Qb7 22. dxc5 Bxb5 23. cxb5 bxc5 24. Qh5 g6 25. Qxc5 Rc8 26. Qd6 Bg7 27. h4 Qc7 28. Qa6 Nd5 29. Bxa7 Ra8 30. b6 Nxb6 31. Bxb6 Qc6 32. Qc4 Qxb6 33. Nf3 Rxa3 34. Ng5 Ra1+ 35. Bf1 Qb7 36. h5 h6 37. Ne4 gxh5 38. Ng3 Qd7 39. Nxh5 Qf5 40. Ng3 Qe6 41. Qd3 Qg6 42. Qd8+ Kh7 43. Kh2 Ra3 44. Kg1 Be5 45. Nh1 Ra1 46. Qd5 Bh2+ 47. Kxh2 Rxf1 48. Qf3 Rb1 49. Ng3 Rb5 50. Qe2 Rg5 51. Qe3 h5 52. f4 Rg4 53. Qf3 f5 54. Nf1 h4 55. Ne3 Rg3 56. Qb7+ Kh6 57. Qe7 Kh5 58. Qe5 Rxe3 59. Qxe3 Qg4 60. Qe8+ Kh6 1/2-1/2

[Event "Petrovskaya Ladya op"]
[Site "Peterhof"]
[Date "2008.01.07"]
[Round "5"]
[White "Utkin, Vladimir"]
[Black "Guzenko, Artem"]
[Result "0-1"]
[WhiteElo "2075"]
[BlackElo "2083"]
[PlyCount "88"]
[EventDate "2008.01.03"]
[EventType "swiss"]
[EventRounds "9"]
[EventCountry "RUS"]
[SourceTitle "CBM 122 Extra"]
[Source "ChessBase"]
[SourceDate "2008.03.04"]
[SourceVersion "1"]
[SourceVersionDate "2008.03.04"]
[SourceQuality "1"]

1. Nf3 Nf6 2. g3 b6 3. Bg2 Bb7 4. b3 e6 5. Bb2 Be7 6. 0-0 0-0 7. c4 c5 8. Nc3 d6 9. d4 cxd4 10. Qxd4 a6 11. Rfd1 Nbd7 12. Rac1 Qc7 13. Ba3 Nc5 14. b4 Nce4 15. Bb2 Nxc3 16. Bxc3 Rac8 17. Bb2 Rfd8 18. a3 Ba8 19. Qf4 Qb8 20. Qg5 h6 21. Qf4 Ne8 22. g4 Bxf3 23. Qxf3 Bg5 24. e3 Bf6 25. Bd4 Rc7 26. Rc2 d5 27. c5 bxc5 28. Bxc5 Rdc8 29. Qg3 a5 30. Bf1 axb4 31. axb4 Qa8 32. h4 Be7 33. Rdc1 Nf6 34. Bd3 Ne4 35. Bxe4 dxe4 36. g5 hxg5 37. hxg5 Qd5 38. g6 Bf6 39. gxf7+ Kxf7 40. Qg4 Rd7 41. Rc4 Rh8 42. Rxe4 Rh4 43. Qxh4 Bxh4 44. Rxh4 Qg5+ 0-1

[Event "St Petersburg White Nights CYSS op"]
[Site "St Petersburg"]
[Date "2007.06.07"]
[Round "6"]
[White "Sinajskij, Anatolij"]
[Black "Utkin, Vladimir"]
[Result "1-0"]
[WhiteElo "2097"]
[BlackElo "2040"]
[PlyCount "89"]
[EventDate "2007.06.02"]
[EventType "swiss"]
[EventRounds "9"]
[EventCountry "RUS"]
[SourceTitle "EXT 2022"]
[Source "ChessBase"]
[SourceDate "2021.10.06"]
[SourceVersion "1"]
[SourceVersionDate "2021.10.06"]
[SourceQuality "1"]

1. Nf3 c5 2. e4 Nc6 3. Bb5 g6 4. Nc3 a6 5. Bxc6 dxc6 6. h3 Bg7 7. d3 Nf6 8. Be3 b6 9. Qd2 0-0 10. a4 a5 11. Bh6 Be6 12. Bxg7 Kxg7 13. Ne5 Qd6 14. f4 Nh5 15. Ne2 f6 16. Nf3 Kh8 17. g4 Ng7 18. f5 Bf7 19. fxg6 Bxg6 20. h4 Ne6 21. h5 Bf7 22. 0-0-0 Rg8 23. Rhg1 Ng5 24. Nh4 b5 25. Rdf1 bxa4 26. Qc3 a3 27. bxa3 c4 28. Nf5 Qe5 29. Qxe5 fxe5 30. Nxe7 Rge8 31. Nf5 cxd3 32. cxd3 Red8 33. Kc2 a4 34. Rb1 Bb3+ 35. Kc3 Ra5 36. d4 Nxe4+ 37. Kd3 Nf6 38. Ke3 exd4+ 39. Nexd4 Re8+ 40. Kf4 Nd5+ 41. Kg5 Nc3 42. Nxb3 Rb5 43. Nd2 Nxb1 44. Rxb1 Rxb1 45. Nxb1 1-0

[Event "Petrovskaya Ladya op"]
[Site "Peterhof"]
[Date "2007.01.05"]
[Round "3"]
[White "Utkin, Vladimir"]
[Black "Sudarev, Oleg"]
[Result "0-1"]
[WhiteElo "2079"]
[BlackElo "2011"]
[PlyCount "104"]
[EventDate "2007.01.03"]
[EventType "swiss"]
[EventRounds "9"]
[EventCountry "RUS"]
[SourceTitle "CBM 116 Extra"]
[Source "ChessBase"]
[SourceDate "2007.03.07"]
[SourceVersion "1"]
[SourceVersionDate "2007.03.07"]
[SourceQuality "1"]

1. Nf3 e6 2. c4 Nf6 3. Nc3 d5 4. d4 Bb4 5. Bg5 h6 6. Qa4+ Nc6 7. Bh4 0-0 8. e3 Bd7 9. Qc2 dxc4 10. Bxc4 Be7 11. 0-0 a6 12. Rac1 b5 13. Be2 Nb4 14. Qd2 Rc8 15. Rfd1 Nbd5 16. Bd3 Nxc3 17. bxc3 c5 18. Ne5 c4 19. Bb1 Bc6 20. f3 g5 21. Bg3 Ba3 22. Rc2 Nh5 23. Bf2 Kg7 24. g4 Nf6 25. Nxc6 Rxc6 26. e4 Qd7 27. h4 Nh7 28. Be3 Qe7 29. h5 Rd8 30. Qf2 Nf6 31. Re2 e5 32. Red2 Rcd6 33. dxe5 Qxe5 34. Bd4 Bc5 35. Bxc5 Rxd2 36. Rxd2 Rxd2 37. Qxd2 Qxc5+ 38. Kg2 Qe7 39. Qd4 Qe6 40. e5 Nd5 41. Bf5 Nf4+ 42. Kf1 Qd5 43. Be4 Qxd4 44. cxd4 a5 45. d5 Kf8 46. Kf2 b4 47. Ke3 c3 48. Kd4 Ke8 49. Kc5 Kd8 50. Kd6 Ke8 51. e6 Ne2 52. exf7+ Kxf7 0-1

[Event "Chigorin Memorial-B 14th"]
[Site "St Petersburg"]
[Date "2006.10.25"]
[Round "3"]
[White "Utkin, Vladimir"]
[Black "Nikitinyh, Boris Aleksandrovic"]
[Result "0-1"]
[WhiteElo "2074"]
[BlackElo "2267"]
[PlyCount "84"]
[EventDate "2006.10.23"]
[EventType "swiss"]
[EventRounds "9"]
[EventCountry "RUS"]
[SourceTitle "EXT 2007"]
[Source "ChessBase"]
[SourceDate "2006.11.23"]
[SourceVersion "1"]
[SourceVersionDate "2006.11.23"]
[SourceQuality "1"]

1. Nf3 Nf6 2. c4 d6 3. Nc3 e5 4. g3 Nc6 5. Bg2 Be7 6. 0-0 Bg4 7. d4 0-0 8. Be3 Qc8 9. dxe5 Nxe5 10. Nxe5 dxe5 11. Qc2 c6 12. Rfd1 Qe6 13. b3 Bb4 14. Ne4 Nxe4 15. Bxe4 f5 16. Bf3 Bxf3 17. exf3 f4 18. Bd2 Bxd2 19. Rxd2 fxg3 20. hxg3 Rxf3 21. Rad1 Raf8 22. Qe4 Qf6 23. Rd6 Qg5 24. R1d2 Qh5 25. Re2 Qf7 26. Rdd2 Rf5 27. c5 Kh8 28. Qe3 h6 29. Qe4 Qe7 30. Rd6 Qg5 31. Red2 Rf3 32. Re2 Qc1+ 33. Kg2 Rxf2+ 34. Rxf2 Rxf2+ 35. Kxf2 Qxc5+ 36. Qe3 Qxd6 37. Qxa7 Qd4+ 38. Qxd4 exd4 39. b4 Kg8 40. Ke2 Kf7 41. Kd3 Ke6 42. Kxd4 h5 0-1